Music Quiz

Random Music or Lyrics Quiz

'Asthenia' Lyrics by blink-182 Quiz Stats

 Plays Quiz not verified by Sporcle

Also try: Named Symphonies
Challenge
Share
Tweet
Embed
Score 0/240 Timer 10:00
0 Plays Today
Lyrics % Correct
a
95.5%
a
95.5%
a
95.5%
I
95.5%
a
95.5%
I
95.5%
a
95.5%
I
95.5%
I
95.5%
I?
95.5%
I
95.5%
I
95.5%
I
95.5%
I?
95.5%
I
95.5%
I
95.5%
I
95.5%
I
95.5%
I
95.5%
I?
95.5%
I
95.5%
I
95.5%
I
95.5%
I?
95.5%
I
95.5%
I
95.5%
I
95.5%
I?
95.5%
I
95.5%
I
95.5%
I
95.5%
I?
95.5%
I
95.5%
I
95.5%
I
95.5%
I
95.5%
I?
95.5%
I
95.5%
I
95.5%
I
95.5%
I?
95.5%
I
95.5%
I
95.5%
I
95.5%
I?
95.5%
I
95.5%
I
95.5%
I
95.5%
I?
95.5%
I
95.5%
I
95.5%
you
91%
you
91%
you,
91%
you.
91%
you
91%
you.
91%
you.
91%
go
88.4%
go
88.4%
go?
88.4%
go
88.4%
go
88.4%
go
88.4%
go
88.4%
go
88.4%
go
88.4%
go
88.4%
go
88.4%
go
88.4%
go
88.4%
go
88.4%
go
88.4%
go
88.4%
go
88.4%
go
88.4%
go
88.4%
go
88.4%
it
84.5%
and
84.5%
Lyrics % Correct
and
84.5%
and
84.5%
and
84.5%
and
84.5%
and
84.5%
This
83.9%
this
83.9%
this
83.9%
This
83.9%
This
83.9%
This
83.9%
This
83.9%
is
83.2%
Is
83.2%
is
83.2%
is
83.2%
me,
81.9%
the
81.9%
Should
81.3%
Should
81.3%
Should
81.3%
Should
81.3%
Should
81.3%
Should
81.3%
Should
81.3%
Should
81.3%
Should
81.3%
Should
81.3%
Should
81.3%
Should
81.3%
Should
81.3%
Should
81.3%
Should
81.3%
Should
81.3%
Should
81.3%
Should
81.3%
Should
81.3%
Should
81.3%
Should
81.3%
Should
81.3%
Should
81.3%
Should
81.3%
Should
81.3%
Should
81.3%
Should
81.3%
Should
81.3%
Should
81.3%
Should
81.3%
feel
78.1%
feel
78.1%
feel
78.1%
feel
78.1%
feel
78.1%
of
76.8%
back?
76.8%
back?
76.8%
back?
76.8%
back?
76.8%
of
76.8%
of
76.8%
of
76.8%
of
76.8%
back?
76.8%
back?
76.8%
back?
76.8%
back?
76.8%
back?
76.8%
back?
76.8%
back?
76.8%
back?
76.8%
back?
76.8%
back?
76.8%
back?
76.8%
back?
76.8%
back?
76.8%
back?
76.8%
back?
76.8%
back?
76.8%
Last
76.1%
with
76.1%
Lyrics % Correct
night
75.5%
as
75.5%
sign.
75.5%
warning
74.8%
time
74.8%
alone
74.8%
tired.
74.8%
alone
74.8%
tired.
74.8%
time
74.8%
to.
74.8%
alone
74.8%
tired.
74.8%
alone
74.8%
tired.
74.8%
time
74.8%
to.
74.8%
alone
74.8%
tired.
74.8%
picture,
74.2%
good
74.2%
came
72.9%
reason,
72.9%
where
71.6%
it's
71%
so
71%
don't
71%
want
71%
don't
71%
want
71%
if
70.3%
if
70.3%
are
70.3%
place
69.7%
can
69%
there?
69%
won't
69%
won't
69%
won't
69%
forget
68.4%
forget
68.4%
forget
68.4%
Will
67.1%
easy
65.8%
try.
65.8%
My
65.8%
somebody
64.5%
out
64.5%
somebody
64.5%
all
63.9%
imagine,
63.9%
passion,
63.2%
vision.
62.6%
Houston?
62.6%
listen?
62.6%
miss
61.9%
hope
61.3%
hope
61.3%
hope
61.3%
up
58.7%
much.
58.7%
them
58.1%
wasn't
56.1%
memories,
56.1%
reminder,
55.5%
head
55.5%
useless
55.5%
most
54.8%
made
53.5%
failed
52.9%
void
52.3%
room
51.6%
sick
49%
rehearsal
48.4%
delusions.
47.7%
Believe
43.9%
boundaries,
43.9%
effort,
41.3%
bored
41.3%
wrote
32.9%

You're not logged in!

Compare scores with friends on all Sporcle quizzes.
OR
Log In

You Might Also Like...

Show Comments

Extras

Top Quizzes Today


Score Distribution

Your Account Isn't Verified!

In order to create a playlist on Sporcle, you need to verify the email address you used during registration. Go to your Sporcle Settings to finish the process.

Report this User

Report this user for behavior that violates our Community Guidelines.

Details: